Culture and computing : (Record no. 22309)
[ view plain ]
| 000 -LEADER | |
|---|---|
| fixed length control field | 01360cam a22003135a 4500 |
| 001 - CONTROL NUMBER | |
| control field | 16489429 |
| 005 - DATE AND TIME OF LATEST TRANSACTION | |
| control field | 20201128023824.0 |
| 008 - FIXED-LENGTH DATA ELEMENTS--GENERAL INFORMATION | |
| fixed length control field | 101005s2010 gw a frb 001 0 eng d |
| 020 ## - INTERNATIONAL STANDARD BOOK NUMBER | |
| International Standard Book Number | 9783642171833 |
| 020 ## - INTERNATIONAL STANDARD BOOK NUMBER | |
| International Standard Book Number | 3642171834 |
| 040 ## - CATALOGING SOURCE | |
| Original cataloging agency | DLC |
| Language of cataloging | eng |
| Transcribing agency | DLC |
| Modifying agency | EG-ScBUE |
| 082 04 - DEWEY DECIMAL CLASSIFICATION NUMBER | |
| Edition number | 22 |
| Classification number | 306.0285 |
| Item number | ISH |
| 245 00 - TITLE STATEMENT | |
| Title | Culture and computing : |
| Remainder of title | computing and communication for crosscultural interaction / |
| Statement of responsibility, etc | [editor] Toru Ishida. |
| 250 ## - EDITION STATEMENT | |
| Edition statement | 1st ed. |
| 260 ## - PUBLICATION, DISTRIBUTION, ETC. (IMPRINT) | |
| Place of publication, distribution, etc | Berlin ; |
| -- | Heidelberg : |
| Name of publisher, distributor, etc | Springer-Verlag, |
| Date of publication, distribution, etc | 2010. |
| 300 ## - PHYSICAL DESCRIPTION | |
| Extent | x, 228 p. : |
| Other physical details | ill. ; |
| Dimensions | 25 cm. |
| 490 0# - Series Statement | |
| Series statement | Lecture notes in computer science ; |
| Volume/sequential designation | 6259. |
| 500 ## - GENERAL NOTE | |
| General note | "State-of-the-Art Survey"--Front cover. |
| 500 ## - GENERAL NOTE | |
| General note | "This volume includes 17 invited and selected papers dealing with state-of-the-art topics in culturally situated agents, intercultural collaboration and support systems, culture and computing for art and heritage, as well as culture and computing within regional communities"--Back cover. |
| 504 ## - BIBLIOGRAPHY, ETC. NOTE | |
| Bibliography, etc | Includes bibliographical references and index. |
| 650 #7 - SUBJECT ADDED ENTRY--TOPICAL TERM | |
| Topical term or geographic name as entry element | Computers and civilization. |
| Source of heading or term | BUEsh |
| 9 (RLIN) | 34985 |
| 650 #7 - SUBJECT ADDED ENTRY--TOPICAL TERM | |
| Topical term or geographic name as entry element | Intercultural communication. |
| Source of heading or term | BUEsh |
| 9 (RLIN) | 12028 |
| 650 #0 - SUBJECT ADDED ENTRY--TOPICAL TERM | |
| Topical term or geographic name as entry element | Telecommunication. |
| Source of heading or term | BUEsh |
| 650 #7 - SUBJECT ADDED ENTRY--TOPICAL TERM | |
| Topical term or geographic name as entry element | Digital communications. |
| Source of heading or term | BUEsh |
| 9 (RLIN) | 1260 |
| 651 ## - SUBJECT ADDED ENTRY--GEOGRAPHIC NAME | |
| Source of heading or term | BUEsh |
| 653 ## - INDEX TERM--UNCONTROLLED | |
| Resource For college | Communication and mass media |
| Arrived date list | September2016 |
| 700 1# - ADDED ENTRY--PERSONAL NAME | |
| Personal name | Ishida, Toru, |
| Relator term | editor. |
| 942 ## - ADDED ENTRY ELEMENTS (KOHA) | |
| Source of classification or shelving scheme | Dewey Decimal Classification |
| Withdrawn status | Item status | Source of classification or shelving scheme | Damaged status | Not for loan | Vendor | Home library | Current library | Shelving location | Date acquired | Source of acquisition | Cost, normal purchase price | Serial Enumeration / chronology | Total Checkouts | Full call number | Barcode | Date last seen | Cost, replacement price | Koha item type |
|---|---|---|---|---|---|---|---|---|---|---|---|---|---|---|---|---|---|---|
| Dewey Decimal Classification | Baccah | Central Library | Central Library | First floor | 06/09/2016 | Purchase | 414.00 | 2000088 | 306.0285 ISH | 000033543 | 15/07/2025 | 517.50 | Book - Borrowing |